| 000 | 00377nam a2200157Ia 4500 | ||
|---|---|---|---|
| 008 | 230312s9999||||xx |||||||||||||| ||und|| | ||
| 020 | _a0 273 62823-2 | ||
| 082 |
_a658.3 _bSPA-H |
||
| 100 | _aSparrow Paul R. | ||
| 245 | 0 | _aHuman Resource Management | |
| 260 |
_bPitman _aLondon _c1998 |
||
| 300 | _a346 | ||
| 546 | _aEng. | ||
| 650 |
_aManagement _vIntroduction , |
||
| 942 | _cBK | ||
| 999 |
_c787 _d787 |
||